000 00483pab a2200169 454500
008 180718b2005 xxu||||| |||| 00| 0 eng d
100 _aVanLandingham, Gary
245 _aUseful, but not a panacea: performance-based program budget in Florida
260 _c2005
300 _ap.233-53.
650 _aBudget - Florida
650 _aBudget
700 _aAndrews, Matthew
700 _aWellman, Martha
773 _aInternational Journal of Public Administration
909 _a65854
999 _c65854
_d65854